Statistics for Письмо Викторина: Латиница (Latin)

Click here to take the quiz!

General Stats

  • This quiz has been taken 494 times
  • The average score is 18 of 20

Answer Stats

LatinРусский% Correct
eе
100%
tт
100%
rр
100%
aа
92%
fф
92%
sс
92%
dд
92%
pп
92%
oо
92%
iи
92%
gг
91%
kк
91%
zз
91%
vв
91%
bб
91%
nн
91%
mм
91%
uу
90%
lл
90%
yы
80%

Score Distribution

Percentile by Number Answered

Percent of People with Each Score

Your Score History

You have not taken this quiz